[Event "Varese op 19th"]
[Site "Varese"]
[Date "2022.10.09"]
[Round "5"]
[White "Calcaterra, Massimiliano"]
[Black "Colombo, Alberto E"]
[Result "1/2-1/2"]
[WhiteElo "1757"]
[BlackElo "2094"]
[PlyCount "78"]
[EventDate "2022.10.07"]
[EventType "swiss"]
[EventRounds "5"]
[EventCountry "ITA"]
[SourceTitle "EXT 2024"]
[Source "ChessBase"]
[SourceDate "2023.10.10"]
[SourceVersion "1"]
[SourceVersionDate "2023.10.10"]
[SourceQuality "1"]

1. Nf3 Nf6 2. g3 g6 3. Bg2 Bg7 4. d4 c5 5. 0-0 cxd4 6. Nxd4 Nc6 7. Nxc6 bxc6 8. c4 d5 9. Nc3 e6 10. Be3 0-0 11. Bc5 Re8 12. Qa4 Qc7 13. Rac1 Nd7 14. b4 Nxc5 15. bxc5 Bd7 16. Rfd1 Rab8 17. Qa3 a6 18. Na4 Bf8 19. Rb1 Rxb1 20. Rxb1 Rb8 21. Rb6 Qe5 22. Qb3 Rd8 23. Bf3 f5 24. cxd5 exd5 25. Kg2 f4 26. e4 Be6 27. Rxc6 Bf7 28. exd5 Rxd5 29. Qc2 Rd8 30. Rxa6 Qe1 31. Qe4 Qa1 32. Qxf4 Rd4 33. Qf6 Bc4 34. Be2 Bd5+ 35. Bf3 Bxf3+ 36. Qxf3 Qxa2 37. Ra8 Qf7 38. Qxf7+ Kxf7 39. Ra5 Rc4 1/2-1/2